A cozinheira de Frida (Registo nº 199448)

Detalhes MARC
000 -Etiqueta do registo
Valores 00685nam 22002293 4500
010 ## - Número ISBN
ISBN 978-989-777-727-1
021 ## - Número do Depósito Legal
Código do país Portugal
Número 526 627/24
100 ## - Dados gerais de processamento
Dados gerais 20251209d u||y0pory50 ba
200 ## - Titulo e menção de responsabilidade
Título próprio A cozinheira de Frida
Primeira menção de responsabilidade Florencia Etcheves
Outras menções de responsabilidade tradução Àlex Tarradellas, Rita Custódio
205 ## - Menção da edição
Edição
210 ## - Publicação
Nome do editor Planeta
215 ## - Descrição física 
Paginação / Volumes 500 p.
Outras indicações físicas brochado
Dimensões 24 cm
606 ## - Nome comum usado como assunto
ID Autoridade 1592
Palavra de ordem Literatura Argentina
675 ## - CDU
Notação 821.134.2(82)-3"20"
Edição PT
Língua por
700 ## - Autor principal (pessoa individual)
ID Autoridade 15307
Apelido Etcheves
Nome Florencia
Datas 1971-
702 ## - Autor secundário (pessoa individual)
ID Autoridade 15301
Apelido Tarradellas
Nome Àlex
Datas 1982-
702 ## - Autor secundário (pessoa individual)
ID Autoridade 15300
Apelido Custódio
Nome Rita
Datas 1980-
801 ## - Fonte de origem
País PT
Agência BMMN
Regras de catalogação RPC
830 ## - Notas gerais do catalogador
Criado por Ana
Indexado por Ana
990 ## - Elementos KOHA
Tipo de documento Livro
Exemplares
Situação do levantamento Biblioteca de origem Código de barras Cota Permissão de empréstimo Tipo de documento Forma de aquisição
  Biblioteca Municipal de Montemor-o-Novo 28299 821.134.2(82)-3 ETC|LG   Livro Compra

Powered by Koha